Geography Ending in J, Starting with A-Z - Statistics

General Stats
  • This quiz has been taken 11 times
  • The average score is 6 of 26
Answer Stats
Clue Answer ending in J % Correct
C Romanian city which had -Napoca added to its official name Cluj
90%
K Iranian city which sounds like a horse-drawn vehicle Karaj
50%
A Length, mass and a radius inside this spreadable-sounding Libyan city Al Marj
30%
G Eritrean village where oil mixture is deposited Golij
30%
H Abigail loses 1.50 at North Bangladesh town Habiganj
30%
I Body of water which forms Amsterdam's waterfront IJ
30%
J Delight at stomach muscle, a core feature of Guatemalan town Joyabaj
30%
L A friendly welcome in a governorate of Yemen Lahij
30%
M Syrian chap swings both ways Manbij
30%
N Himalayan country where source of Ganges is located Nepalganj
30%
P Star visible from Croatian mountain Psunj
30%
U Town of Montenegro involved in talc industry Ulcinj
30%
V An inner city of Tajikistan Vanj
30%
B Alternative DJ feeds you to a boa - right, right...er, I'd define an Algerian province Bordj Bou Arreridj
20%
Q Low point? No no, there is endless ganja in this town of India Qadirganj
20%
S Morning, a half-heeded thing in this village in Bahrain Samaheej
20%
T South Sudan town where there's no going back Tonj
20%
Z Irish islands clearly seen from Afghan town Zaranj
20%
E Firstly, lift me over unit, right on up to Tunisian town El Mourouj
10%
F Azeri confused by Kosovo town founded on iron Ferizaj
10%
O Uniform boy starts a fraternity in town of Morocco Oulad Fraj
10%
R As we hear, an interior part of Serbia Razanj
10%
W Indian boxer stuck between French lacking capital and old horse running backwards Waris Aliganj
10%
Y From case of libel, John ends up at Mexican town Yibeljoj
10%
X Albanian village where half a litre's gone; Russian propaganda in rear of Toyota Xhafzotaj
0%
D Look into ranch to find hidden Bosnian mountain Dokin Toranj
0%
No matching quizzes found
Score Distribution
Percent of People with Each Score
Percentile by Number Answered
Your Score History
You have not taken this quiz